00671nam a2200169 i 450000100060000000300090000600500170001500700030003200800410003510000480007624501110012426000850023530000220032085200210034299900170036395201210038063763ES-MaACL20250930063056.0t|031216s1919 po ||||1| por d1 aFigueiredo, Fidelino de, d1889-196795074610aComo dirigi a Bibliotheca Nacional b: (fevereiro de 1918 a fevereiro de 1919) / cFidelino de Figueiredo. aLisboa : bA. M. Gixirs, c1919 (ePorto : fTip. da Emp. Setter e Typographica) a125 p. ; c22 cm. aES-MaACLjG-3359 c63763d63763 00104070aATENEOMbATENEOMcDEPO2d2008-01-17eSCl0oG-3359p1066824r2023-02-23 00:00:00w2023-02-23yMONOGRAFIA